Filatelistisk bibliografi, Danmark / (Record no. 3711)

000 -LEADER
fixed length control field 00682cam a2200181 a 4500
008 - FIXED-LENGTH DATA ELEMENTS--GENERAL INFORMATION
fixed length control field 900723s1986 dk a b 001 0 dan
020 ## - INTERNATIONAL STANDARD BOOK NUMBER
International Standard Book Number 8770121400
020 ## - INTERNATIONAL STANDARD BOOK NUMBER
International Standard Book Number 9788770121408
100 1# - MAIN ENTRY--AUTHOR'S NAME
Author's Name Terrisse, Pierre.
245 10 - TITLE STATEMENT
Title Filatelistisk bibliografi, Danmark /
Statement of responsibility, etc. af Pierre Terrisse.
260 ## - PUBLICATION, DISTRIBUTION, ETC. (IMPRINT)
Place of publication, distribution, etc. Aarhus :
Name of publisher, distributor, etc. AFA-forlaget,
Date of publication, distribution, etc. 1986.
500 ## - GENERAL NOTE
General note "Udgivelsen ... er muliggjort gennem et samarbejde mellem Danmarks filatelistforbund og AFA-forlaget"--Verso t.p.
500 ## - GENERAL NOTE
General note "Udarbejdet som specialeoppgave ved Danmarks biblioteksskole"--Pref.
500 ## - GENERAL NOTE
General note Includes index.
650 #0 - TOPICAL TERM (Tag)
Topical term or geographic name Postage stamps
Geographic subdivision Denmark
650 #0 - TOPICAL TERM (Tag)
Topical term or geographic name Postmarks
Geographic subdivision Denmark
650 #0 - TOPICAL TERM (Tag)
Topical term or geographic name Stamp collecting
Geographic subdivision Denmark
Holdings
Withdrawn status Lost status Source of classification or shelving scheme Damaged status Koha normalized classification for sorting Not for loan Permanent Location Current Location Shelving location Date acquired Total Checkouts Full call number Barcode Date last seen Price effective from Koha item type
        G6520 A1 T278   Northern Philatelic Library Northern Philatelic Library General Stacks 04/29/2026   G6520 A1 T278 1006556 04/29/2026 04/29/2026 Books

Powered by Koha